000 01446cam a22003011 4500
001 9861
003 FISKH
005 20260310085937.0
008 750627s1955 xx j 000 0 eng
010 _a 55007623
020 _a071009003255
035 _a9798049
040 _aDLC
_cNmPE
_beng
050 0 0 _aPZ7 .C5792 .B
082 _a813.54
100 1 _aCleary, Beverly.
245 1 0 _aBeezus and Ramona :
_cIllustrated by Louis Darling.
260 _aNew York,
_bMorrow
_c1955
300 _a159 pages :
_billustrations ;
_c20 cm
505 _aR
520 _aHaving a little sister like four-year-old Ramona isn't always easy for Beezus Quimby. With a wild imagination, disregard for order, and an appetite for chaos, Ramona makes it hard for Beezus to be the responsible older sister she knows she ought to be...especially when Ramona threatens to ruin Beezus's birthday party. Will Beezus find the patience to handle her little sister before Ramona turns her big day into a complete disaster? "An important reminder of the good that can come when you throw yourself fully into any situation and draw outside the lines," says Brightly in their article "12 Girls from Fiction Who Are Their Own Heroes."
521 8 _a780
_bLexil
521 8 _aR
_bRaz-Plus
650 _aRealistic Fiction
_vJuvenile Fiction
_xChapter Book
906 _a7
_bcbc
_coclcrpl
_du
_encip
_f19
_gy-gencatlg
942 _2ddc
_cBK
_n0
999 _c9861
_d9861